ARRUPE JESUIT UNIVERSITY

CORONAVIRUS -STOP THE SPREAD - CLEAN,DISINFECT,COVER

Initiation à la doctrine des pères de l'Église, (Record no. 127345)

MARC details
000 -LEADER
fixed length control field 00936cam a22002771 4500
001 - CONTROL NUMBER
control field 8039715
003 - CONTROL NUMBER IDENTIFIER
control field ARRUPE
005 - DATE AND TIME OF LATEST TRANSACTION
control field 20180111113343.0
008 - FIXED-LENGTH DATA ELEMENTS--GENERAL INFORMATION
fixed length control field 800905s1968 fr 000 0 fre
010 ## - LIBRARY OF CONGRESS CONTROL NUMBER
LC control number 71445991
015 ## - NATIONAL BIBLIOGRAPHY NUMBER
National bibliography number F***
035 ## - SYSTEM CONTROL NUMBER
System control number (OCoLC)6685293
040 ## - CATALOGING SOURCE
Original cataloging agency DLC
Transcribing agency ODaU
Modifying agency DLC
041 1# - LANGUAGE CODE
Language code of text/sound track or separate title freeng
042 ## - AUTHENTICATION CODE
Authentication code premarc
050 00 - LIBRARY OF CONGRESS CALL NUMBER
Classification number BT25
Item number .K41
300 ## - PHYSICAL DESCRIPTION
Dimensions 23 cm.
100 1# - MAIN ENTRY--PERSONAL NAME
Personal name Kelly, J. N. D.
Fuller form of name (John Norman Davidson)
9 (RLIN) 15018
245 10 - TITLE STATEMENT
Title Initiation à la doctrine des pères de l'Église,
Statement of responsibility, etc par J. N. D. Kelly.
-- Traduit de l'anglais par C. Tunmer.
260 ## - PUBLICATION, DISTRIBUTION, ETC. (IMPRINT)
Place of publication, distribution, etc Paris,
Name of publisher, distributor, etc Éditions du Cerf,
Date of publication, distribution, etc 1968.
300 ## - PHYSICAL DESCRIPTION
Extent 531 p.
500 ## - GENERAL NOTE
General note Translation of Early Christian doctrines.
504 ## - BIBLIOGRAPHY, ETC. NOTE
Bibliography, etc Includes bibliographies.
650 #0 - SUBJECT ADDED ENTRY--TOPICAL TERM
Topical term or geographic name as entry element Theology, Doctrinal
General subdivision History
Chronological subdivision Early church, ca. 30-600.
9 (RLIN) 3161
906 ## - LOCAL DATA ELEMENT F, LDF (RLIN)
a 7
b cbc
c oclcrpl
d u
e ncip
f 19
g y-gencatlg
942 ## - ADDED ENTRY ELEMENTS (KOHA)
Source of classification or shelving scheme Library of Congress Classification
Koha item type Monograph ( Printed materials)
Holdings
Withdrawn status Lost status Source of classification or shelving scheme Damaged status Not for loan Collection code Home library Current library Shelving location Date acquired Total Checkouts Full call number Barcode Date last seen Price effective from Koha item type
    Library of Congress Classification     Main Collection ARRUPE LIBRARY ARRUPE LIBRARY Main Collection 11/01/2018   BT25 .K41 46600001156 11/01/2018 11/01/2018 Monograph ( Printed materials)

 

Arrupe Library. PO Box MP320 Mt Pleasant, Harare, Zimbabwe
263 242 745411|librarian@aju.ac.zw